<?xml version="1.0" encoding="UTF-8"?>
<record
    xmlns:xsi="http://www.w3.org/2001/XMLSchema-instance"
    xsi:schemaLocation="http://www.loc.gov/MARC21/slim http://www.loc.gov/standards/marcxml/schema/MARC21slim.xsd"
    xmlns="http://www.loc.gov/MARC21/slim">

  <leader>05226cam a2200925 i 4500</leader>
  <controlfield tag="001">0005982868</controlfield>
  <controlfield tag="003">OSt</controlfield>
  <controlfield tag="005">20260530102140.0</controlfield>
  <controlfield tag="008">190123m20199999quca   j      000 f fre  </controlfield>
  <datafield tag="020" ind1=" " ind2=" ">
    <subfield code="a">9782897143404</subfield>
    <subfield code="q">(vol. 2)</subfield>
  </datafield>
  <datafield tag="040" ind1=" " ind2=" ">
    <subfield code="a">QMBN</subfield>
    <subfield code="b">fre</subfield>
    <subfield code="e">rda</subfield>
    <subfield code="c">QMBN</subfield>
    <subfield code="d">QMBND</subfield>
    <subfield code="d">QMBN</subfield>
  </datafield>
  <datafield tag="082" ind1="0" ind2="4">
    <subfield code="a">RJ L328tdp v.2</subfield>
    <subfield code="b">L328t</subfield>
    <subfield code="2">23</subfield>
    <subfield code="m">b</subfield>
  </datafield>
  <datafield tag="084" ind1=" " ind2=" ">
    <subfield code="a">C848/.92</subfield>
    <subfield code="b">L328t</subfield>
    <subfield code="2">z</subfield>
  </datafield>
  <datafield tag="091" ind1="0" ind2=" ">
    <subfield code="a">LAR</subfield>
  </datafield>
  <datafield tag="100" ind1="1" ind2=" ">
    <subfield code="a">Larochelle, Alexandra,</subfield>
    <subfield code="d">1993-</subfield>
    <subfield code="e">auteur</subfield>
  </datafield>
  <datafield tag="245" ind1="1" ind2="0">
    <subfield code="a">Trucs de peur / 2. Un fant&#xF4;me trop bavard</subfield>
    <subfield code="c">Alexandra Larochelle ; [illustrations de la couverture et des pages int&#xEF;&#xBF;&#xBD;rieures] Yohann Morin</subfield>
  </datafield>
  <datafield tag="264" ind1=" " ind2="1">
    <subfield code="a">Montr&#xEF;&#xBF;&#xBD;al (Qu&#xEF;&#xBF;&#xBD;bec) :</subfield>
    <subfield code="b">les &#xEF;&#xBF;&#xBD;ditions de la Bagnole,</subfield>
    <subfield code="c">[2019]-</subfield>
  </datafield>
  <datafield tag="300" ind1=" " ind2=" ">
    <subfield code="a">volumes :</subfield>
    <subfield code="b">illustrations ;</subfield>
    <subfield code="c">21 cm</subfield>
  </datafield>
  <datafield tag="336" ind1=" " ind2=" ">
    <subfield code="a">texte</subfield>
    <subfield code="b">txt</subfield>
    <subfield code="2">rdacontent</subfield>
  </datafield>
  <datafield tag="336" ind1=" " ind2=" ">
    <subfield code="a">image fixe</subfield>
    <subfield code="b">sti</subfield>
    <subfield code="2">rdacontent</subfield>
  </datafield>
  <datafield tag="337" ind1=" " ind2=" ">
    <subfield code="a">sans m&#xEF;&#xBF;&#xBD;diation</subfield>
    <subfield code="b">n</subfield>
    <subfield code="2">rdamedia</subfield>
  </datafield>
  <datafield tag="338" ind1=" " ind2=" ">
    <subfield code="a">volume</subfield>
    <subfield code="b">nc</subfield>
    <subfield code="2">rdacarrier</subfield>
  </datafield>
  <datafield tag="490" ind1="1" ind2=" ">
    <subfield code="a">Je lis seul.e</subfield>
  </datafield>
  <datafield tag="505" ind1="1" ind2="0">
    <subfield code="g">1.</subfield>
    <subfield code="t">Perdues dans le noir --</subfield>
    <subfield code="g">2.</subfield>
    <subfield code="t">Un fant&#xEF;&#xBF;&#xBD;me trop bavard.</subfield>
    <subfield code="g">2019 --</subfield>
    <subfield code="g">3.</subfield>
    <subfield code="t">Le myst&#xEF;&#xBF;&#xBD;re de la sorci&#xEF;&#xBF;&#xBD;re.</subfield>
    <subfield code="g">2020 --</subfield>
    <subfield code="g">4.</subfield>
    <subfield code="t">Le lac des marins disparus.</subfield>
    <subfield code="g">2021 --</subfield>
    <subfield code="g">5.</subfield>
    <subfield code="t">Le train de l'horreur.</subfield>
    <subfield code="g">2021 --</subfield>
    <subfield code="g">6.</subfield>
    <subfield code="t">Le chat-zombie --</subfield>
    <subfield code="g">7.</subfield>
    <subfield code="t">Terreur sous terre.</subfield>
    <subfield code="g">2022</subfield>
  </datafield>
  <datafield tag="521" ind1=" " ind2=" ">
    <subfield code="a">Pour enfants de 7 ans et plus</subfield>
  </datafield>
  <datafield tag="650" ind1=" " ind2="7">
    <subfield code="a">Demi-s&#x153;urs</subfield>
    <subfield code="v">Romans, nouvelles, etc.</subfield>
    <subfield code="2">vmj</subfield>
  </datafield>
  <datafield tag="650" ind1=" " ind2="7">
    <subfield code="a">Grands-m&#xEF;&#xBF;&#xBD;res</subfield>
    <subfield code="v">Romans, nouvelles, etc.</subfield>
    <subfield code="2">vmj</subfield>
  </datafield>
  <datafield tag="650" ind1=" " ind2="7">
    <subfield code="a">Grands-parents et enfants</subfield>
    <subfield code="v">Romans, nouvelles, etc.</subfield>
    <subfield code="2">vmj</subfield>
  </datafield>
  <datafield tag="650" ind1=" " ind2="7">
    <subfield code="a">Peur</subfield>
    <subfield code="v">Romans, nouvelles, etc.</subfield>
    <subfield code="2">vmj</subfield>
  </datafield>
  <datafield tag="650" ind1=" " ind2="7">
    <subfield code="a">Grands-p&#xEF;&#xBF;&#xBD;res</subfield>
    <subfield code="v">Romans, nouvelles, etc.</subfield>
    <subfield code="2">vmj</subfield>
  </datafield>
  <datafield tag="650" ind1=" " ind2="7">
    <subfield code="a">Histoires de fant&#xEF;&#xBF;&#xBD;mes</subfield>
    <subfield code="2">vmj</subfield>
  </datafield>
  <datafield tag="650" ind1=" " ind2="7">
    <subfield code="a">Devinettes et &#xEF;&#xBF;&#xBD;nigmes</subfield>
    <subfield code="v">Romans, nouvelles, etc.</subfield>
    <subfield code="2">vmj</subfield>
  </datafield>
  <datafield tag="650" ind1=" " ind2="7">
    <subfield code="a">For&#xEF;&#xBF;&#xBD;ts</subfield>
    <subfield code="v">Romans, nouvelles, etc.</subfield>
    <subfield code="2">vmj</subfield>
  </datafield>
  <datafield tag="650" ind1=" " ind2="7">
    <subfield code="a">Nuit</subfield>
    <subfield code="v">Romans, nouvelles, etc.</subfield>
    <subfield code="2">vmj</subfield>
  </datafield>
  <datafield tag="650" ind1=" " ind2="7">
    <subfield code="a">Sorci&#xEF;&#xBF;&#xBD;res</subfield>
    <subfield code="v">Romans, nouvelles, etc.</subfield>
    <subfield code="2">vmj</subfield>
  </datafield>
  <datafield tag="650" ind1=" " ind2="7">
    <subfield code="a">L&#xEF;&#xBF;&#xBD;gendes</subfield>
    <subfield code="v">Romans, nouvelles, etc.</subfield>
    <subfield code="2">vmj</subfield>
  </datafield>
  <datafield tag="650" ind1=" " ind2="7">
    <subfield code="a">Potagers</subfield>
    <subfield code="v">Romans, nouvelles, etc.</subfield>
    <subfield code="2">vmj</subfield>
  </datafield>
  <datafield tag="650" ind1=" " ind2="7">
    <subfield code="a">Voisins</subfield>
    <subfield code="v">Romans, nouvelles, etc.</subfield>
    <subfield code="2">vmj</subfield>
  </datafield>
  <datafield tag="650" ind1=" " ind2="7">
    <subfield code="a">Entraide</subfield>
    <subfield code="v">Romans, nouvelles, etc.</subfield>
    <subfield code="2">vmj</subfield>
  </datafield>
  <datafield tag="650" ind1=" " ind2="7">
    <subfield code="a">Tr&#xEF;&#xBF;&#xBD;sors</subfield>
    <subfield code="x">Recherche</subfield>
    <subfield code="v">Romans, nouvelles, etc.</subfield>
    <subfield code="2">vmj</subfield>
  </datafield>
  <datafield tag="650" ind1=" " ind2="7">
    <subfield code="a">Marins</subfield>
    <subfield code="v">Romans, nouvelles, etc.</subfield>
    <subfield code="2">vmj</subfield>
  </datafield>
  <datafield tag="650" ind1=" " ind2="7">
    <subfield code="a">F&#xEF;&#xBF;&#xBD;tes foraines</subfield>
    <subfield code="v">Romans, nouvelles, etc.</subfield>
    <subfield code="2">vmj</subfield>
  </datafield>
  <datafield tag="650" ind1=" " ind2="7">
    <subfield code="a">Man&#xEF;&#xBF;&#xBD;ges (Attractions)</subfield>
    <subfield code="v">Romans, nouvelles, etc.</subfield>
    <subfield code="2">vmj</subfield>
  </datafield>
  <datafield tag="650" ind1=" " ind2="7">
    <subfield code="a">Plantes m&#xEF;&#xBF;&#xBD;dicinales</subfield>
    <subfield code="v">Romans, nouvelles, etc.</subfield>
    <subfield code="2">vmj</subfield>
  </datafield>
  <datafield tag="650" ind1=" " ind2="7">
    <subfield code="a">Lieux hant&#xEF;&#xBF;&#xBD;s</subfield>
    <subfield code="v">Romans, nouvelles, etc.</subfield>
    <subfield code="2">vmj</subfield>
  </datafield>
  <datafield tag="650" ind1=" " ind2="7">
    <subfield code="a">Rumeur</subfield>
    <subfield code="v">Romans, nouvelles, etc.</subfield>
    <subfield code="2">vmj</subfield>
  </datafield>
  <datafield tag="650" ind1=" " ind2="7">
    <subfield code="a">Zombies</subfield>
    <subfield code="v">Romans, nouvelles, etc.</subfield>
    <subfield code="2">vmj</subfield>
  </datafield>
  <datafield tag="650" ind1=" " ind2="7">
    <subfield code="a">Chats</subfield>
    <subfield code="v">Romans, nouvelles, etc.</subfield>
    <subfield code="2">vmj</subfield>
  </datafield>
  <datafield tag="650" ind1=" " ind2="7">
    <subfield code="a">Animaux perdus</subfield>
    <subfield code="v">Romans</subfield>
    <subfield code="2">vmj</subfield>
  </datafield>
  <datafield tag="650" ind1=" " ind2="7">
    <subfield code="a">Courage</subfield>
    <subfield code="v">Romans, nouvelles, etc.</subfield>
    <subfield code="2">vmj</subfield>
  </datafield>
  <datafield tag="650" ind1=" " ind2="7">
    <subfield code="a">Mines</subfield>
    <subfield code="v">Romans, nouvelles, etc.</subfield>
    <subfield code="2">vmj</subfield>
  </datafield>
  <datafield tag="650" ind1=" " ind2="7">
    <subfield code="a">Amiti&#xEF;&#xBF;&#xBD;</subfield>
    <subfield code="v">Romans, nouvelles, etc.</subfield>
    <subfield code="2">vmj</subfield>
  </datafield>
  <datafield tag="655" ind1=" " ind2="7">
    <subfield code="a">Documents pour la jeunesse</subfield>
    <subfield code="2">rvmgf</subfield>
  </datafield>
  <datafield tag="655" ind1=" " ind2="7">
    <subfield code="a">Romans</subfield>
    <subfield code="2">rvmgf</subfield>
  </datafield>
  <datafield tag="700" ind1="0" ind2=" ">
    <subfield code="a">Morin, Yohann,</subfield>
    <subfield code="d">1978-</subfield>
    <subfield code="e">illustrateur</subfield>
  </datafield>
  <datafield tag="740" ind1="0" ind2="2">
    <subfield code="a">Perdues dans le noir</subfield>
  </datafield>
  <datafield tag="740" ind1="0" ind2="2">
    <subfield code="a">Fant&#xEF;&#xBF;&#xBD;me trop bavard</subfield>
  </datafield>
  <datafield tag="740" ind1="0" ind2="2">
    <subfield code="a">Myst&#xEF;&#xBF;&#xBD;re de la sorci&#xEF;&#xBF;&#xBD;re</subfield>
  </datafield>
  <datafield tag="740" ind1="0" ind2="2">
    <subfield code="a">Lac des marins disparus</subfield>
  </datafield>
  <datafield tag="740" ind1="0" ind2="2">
    <subfield code="a">Train de l'horreur</subfield>
  </datafield>
  <datafield tag="740" ind1="0" ind2="2">
    <subfield code="a">Chat-zombie</subfield>
  </datafield>
  <datafield tag="740" ind1="0" ind2="2">
    <subfield code="a">Terreur sous terre</subfield>
  </datafield>
  <datafield tag="830" ind1=" " ind2="0">
    <subfield code="a">Je lis seul.e</subfield>
  </datafield>
  <datafield tag="942" ind1=" " ind2=" ">
    <subfield code="2">ddc</subfield>
    <subfield code="c">ROM JEUNE</subfield>
  </datafield>
  <datafield tag="999" ind1=" " ind2=" ">
    <subfield code="c">18873</subfield>
    <subfield code="d">18873</subfield>
  </datafield>
  <datafield tag="952" ind1=" " ind2=" ">
    <subfield code="0">0</subfield>
    <subfield code="1">0</subfield>
    <subfield code="2">ddc</subfield>
    <subfield code="4">0</subfield>
    <subfield code="7">0</subfield>
    <subfield code="a">HENRYVILLE</subfield>
    <subfield code="b">HENRYVILLE</subfield>
    <subfield code="d">2026-05-30</subfield>
    <subfield code="l">0</subfield>
    <subfield code="o">RJ L328tdp v.2</subfield>
    <subfield code="p">30001030026910</subfield>
    <subfield code="r">2026-05-30 10:21:59</subfield>
    <subfield code="w">2026-05-30</subfield>
    <subfield code="y">ROM JEUNE</subfield>
  </datafield>
</record>
